Zaúčtovanie manipulačných poplatkov a prepravného

Účtovanie manipulačných poplatkov a prepravného za služby spojené s predajom tovaru, ktoré patria k faktúram za tovar posielaný na dobierku.

Guardado en:
Detalles Bibliográficos
Autor principal: Kubaščíková, Zuzana, 1982-
Formato: Capítulo de libro
Lenguaje:eslovaco
Materias:
Etiquetas: Agregar Etiqueta
Sin Etiquetas, Sea el primero en etiquetar este registro!

MARC

LEADER 00000naa a2200000 4500
001 0172004
005 20240502072940.9
041 0 |a slo 
044 |a SK 
245 1 0 |a Zaúčtovanie manipulačných poplatkov a prepravného  |c Zuzana Kubaščíková 
520 |a Účtovanie manipulačných poplatkov a prepravného za služby spojené s predajom tovaru, ktoré patria k faktúram za tovar posielaný na dobierku. 
610 2 0 |a účtovníctvo 
610 2 0 |a operácie účtovné 
610 2 0 |a dokumentácia účtovná 
610 2 0 |a fakturovanie 
610 2 0 |a účtovanie 
610 2 0 |a prepravné 
610 2 0 |a poplatky 
100 1 |a Kubaščíková, Zuzana, 1982-